| 000 | 01344nam a2200217Ia 4500 | ||
|---|---|---|---|
| 003 | Ost | ||
| 005 | 20260507075615.0 | ||
| 008 | 260507s9999||||xx |||||||||||||| ||und|| | ||
| 020 | _a9789961014905 | ||
| 040 | _cfsecg | ||
| 041 | _aara | ||
| 082 | _a336.2 | ||
| 100 |
_aمراد، ناصر _eمؤلف |
||
| 245 | 0 |
_aفعالية النظام الضريبي بين النظرية والتطبيق / _c ناصر مراد |
|
| 250 | _aطبعة 2 | ||
| 260 |
_aالجزائر: _bديوان المطبوعات الجامعية, _c2016 |
||
| 300 |
_a183 صفحة؛ _bإيضاحات ؛ _c22 سم |
||
| 504 | _aالمراجع ص.177 | ||
| 520 | _aيعالج هذا المؤلف كيفية تحقيق فعالية النظام الضريبي و انعكاساتها على الاقتصاد الوطني، في هذا السياق تناول الكتاب موضع الضريبة في مختلف المراحل التاريخية مع إبراز علاقة النظام الضريبي بالنظام الاقتصادي ، ومدى انسجام النظام الضريبي مع السياسات الاقتصادية الاخرى .بعد ذلك تمت معالجة دور النظام الضريبي في الحياة الاقتصادية من خلال ابراز اهداف الضرائب و آثارها الاقتصادية. | ||
| 942 | _cكتاب | ||
| 999 |
_c45106 _d45106 |
||